Euroopan pääkaupungit - Statistics

Yleistilastot
  • Tätä visaa on pelattu 62 kertaa
    50 viimeisimmän päivityksen jälkeen
  • Keskiarvotulos 38 / 46
Vastaustilastot
Hint Vastaus % Oikein
Suomi Helsinki
100%
Venäjä Moskova
100%
Norja Oslo
100%
Ruotsi Tukholma
100%
Latvia Riika
97%
Viro Tallinna
97%
Liettua Vilna
95%
Saksa Berliini
92%
Tanska Kööpenhamina
92%
Iso-Britannia Lontoo
92%
Ranska Pariisi
92%
Puola Varsova
92%
Kreikka Ateena
89%
Belgia Bryssel
89%
Ukraina Kiova
89%
Portugali Lissabon
89%
Luxemburg Luxemburg
89%
Espanja Madrid
89%
Islanti Reykjavik
89%
Italia Rooma
89%
Alankomaat Amsterdam
87%
Andorra Andorra La Vella
87%
Irlanti Dublin
87%
San Marino San Marino
87%
Vatikaanivaltio Vatikaani
87%
Itävalta Wien
87%
Sveitsi Bern
84%
Valkovenäjä Minsk
84%
Tšekki Praha
84%
Turkki Ankara
82%
Unkari Budapest
82%
Bulgaria Sofia
82%
Romania Bukarest
76%
Bosnia ja Hertsegovina Sarajevo
74%
Kroatia Zagreb
74%
Slovakia Bratislava
71%
Albania Tirana
68%
Malta Valletta
68%
Slovenia Ljubljana
63%
Kosovo Pristina
63%
Serbia Belgrad
61%
Pohjois-Makedonia Skopje
61%
Moldova Chișinău
55%
Liechtenstein Vaduz
55%
Montenegro Podgorica
53%
Kypros Nikosia
45%
Ehtoja vastaavia visoja ei löytynyt
Tulosjakauma
Jokaisen tuloksen saaneiden osuus
Persentiili vastausten määrän mukaan
Tuloshistoriasi
Et ole pelannut tätä visaa sen viimeisimmän päivityksen jälkeen